Advances in 3D Geo-Information Sciences

During the last decade developments in 3D Geoinformation have made substantial progress. We are about to have a more complete spatial model and understanding of our planet in different scales. Hence, various communities and cities offer 3D landscape and city models as valuable source and instrument...

Full description

Bibliographic Details
Corporate Author: SpringerLink (Online service)
Other Authors: Kolbe, Thomas H. (Editor), König, Gerhard (Editor), Nagel, Claus (Editor)
Format: Electronic eBook
Language:English
Published: Berlin, Heidelberg : Springer Berlin Heidelberg, 2011.
Series:Lecture Notes in Geoinformation and Cartography,
Subjects:
Online Access:Full Text via HEAL-Link
LEADER 02901nam a22004815i 4500
001 978-3-642-12670-3
003 DE-He213
005 20151204185555.0
007 cr nn 008mamaa
008 110322s2011 gw | s |||| 0|eng d
020 |a 9783642126703  |9 978-3-642-12670-3 
024 7 |a 10.1007/978-3-642-12670-3  |2 doi 
040 |d GrThAP 
050 4 |a GA1-1776 
072 7 |a RGW  |2 bicssc 
072 7 |a SCI030000  |2 bisacsh 
072 7 |a TEC036000  |2 bisacsh 
082 0 4 |a 910.285  |2 23 
245 1 0 |a Advances in 3D Geo-Information Sciences  |h [electronic resource] /  |c edited by Thomas H. Kolbe, Gerhard König, Claus Nagel. 
264 1 |a Berlin, Heidelberg :  |b Springer Berlin Heidelberg,  |c 2011. 
300 |a XIV, 294 p.  |b online resource. 
336 |a text  |b txt  |2 rdacontent 
337 |a computer  |b c  |2 rdamedia 
338 |a online resource  |b cr  |2 rdacarrier 
347 |a text file  |b PDF  |2 rda 
490 1 |a Lecture Notes in Geoinformation and Cartography,  |x 1863-2246 
520 |a During the last decade developments in 3D Geoinformation have made substantial progress. We are about to have a more complete spatial model and understanding of our planet in different scales. Hence, various communities and cities offer 3D landscape and city models as valuable source and instrument for sustainable management of rural and urban resources. Also municipal utilities, real estate companies etc. benefit from recent developments related to 3D applications. To meet the challenges due to the newest changes academics and practitioners met at the 5th International Workshop on 3D Geoinformation in order to present recent developments and to discuss future trends. This book comprises a selection of evaluated, high quality papers that were presented at this workshop in November 2010. The topics focus explicitly on the last achievements (methods, algorithms, models, systems) with respect to 3D geo-information requirements. The book is aimed at decision makers and experts as well at students interested in the 3D component of geographical information science including GI engineers, computer scientists, photogrammetrists, land surveyors, urban planners, and mapping specialists. 
650 0 |a Geography. 
650 0 |a Earth sciences. 
650 0 |a Geographical information systems. 
650 1 4 |a Geography. 
650 2 4 |a Geographical Information Systems/Cartography. 
650 2 4 |a Earth Sciences, general. 
700 1 |a Kolbe, Thomas H.  |e editor. 
700 1 |a König, Gerhard.  |e editor. 
700 1 |a Nagel, Claus.  |e editor. 
710 2 |a SpringerLink (Online service) 
773 0 |t Springer eBooks 
776 0 8 |i Printed edition:  |z 9783642126697 
830 0 |a Lecture Notes in Geoinformation and Cartography,  |x 1863-2246 
856 4 0 |u http://dx.doi.org/10.1007/978-3-642-12670-3  |z Full Text via HEAL-Link 
912 |a ZDB-2-EES 
950 |a Earth and Environmental Science (Springer-11646)